[Event "MCR H14"]
[Site "?"]
[Date "2021.06.29"]
[Round "9.1"]
[White "Smolik, Jachym"]
[Black "Hladky, Tadeas"]
[Result "1/2-1/2"]
[BlackElo "1984"]
[WhiteElo "2073"]
[LiveChessVersion "1.4.8"]

1. Nf3 {[%clk 1:30:59]} d5 {[%clk 1:30:53]} 2. b3 {[%clk 1:31:16]} c5
{[%clk 1:30:33]} 3. e3 {[%clk 1:31:36]} Nf6 {[%clk 1:29:49]} 4. Bb2
{[%clk 1:31:56]} Nc6 {[%clk 1:28:33]} 5. Bb5 {[%clk 1:31:40]} Bg4
{[%clk 1:28:05]} 6. Bxc6+ {[%clk 1:30:13]} bxc6 {[%clk 1:28:10]} 7. h3
{[%clk 1:30:00]} Bxf3 {[%clk 1:26:08]} 8. Qxf3 {[%clk 1:30:22]} e6
{[%clk 1:25:11]} 9. d3 {[%clk 1:30:17]} Bd6 {[%clk 1:24:46]} 10. c4
{[%clk 1:29:29]} e5 {[%clk 1:17:22]} 11. Nc3 {[%clk 1:28:42]} Bc7
{[%clk 1:15:40]} 12. g4 {[%clk 1:25:32]} h6 {[%clk 1:14:59]} 13. O-O-O
{[%clk 1:24:43]} Qd7 {[%clk 1:10:28]} 14. Rhg1 {[%clk 1:18:28]} Qe6
{[%clk 1:00:01]} 15. e4 {[%clk 1:17:53]} d4 {[%clk 0:57:59]} 16. Ne2
{[%clk 1:17:11]} g6 {[%clk 0:55:47]} 17. Kc2 {[%clk 1:14:13]} O-O-O
{[%clk 0:50:25]} 18. Bc1 {[%clk 1:13:55]} Rdg8 {[%clk 0:50:15]} 19. h4
{[%clk 1:10:00]} h5 {[%clk 0:49:15]} 20. g5 {[%clk 1:09:14]} Nd7 {[%clk 0:49:05]}
21. Rg3 {[%clk 1:02:39]} Re8 {[%clk 0:47:52]} 22. Rdg1 {[%clk 1:01:47]} Rhf8
{[%clk 0:47:27]} 23. Qg2 {[%clk 1:01:55]} Kb7 {[%clk 0:47:09]} 24. Bd2
{[%clk 1:00:25]} a5 {[%clk 0:46:31]} 25. Qh1 {[%clk 0:52:34]} Ra8
{[%clk 0:46:10]} 26. Rf1 {[%clk 0:46:03]} Ra7 {[%clk 0:41:59]} 27. Rg2
{[%clk 0:45:25]} Rfa8 {[%clk 0:37:18]} 28. a4 {[%clk 0:43:28]} Rf8
{[%clk 0:37:00]} 29. f3 {[%clk 0:34:17]} Kb6 {[%clk 0:32:50]} 30. Rgf2
{[%clk 0:34:21]} Bd6 {[%clk 0:32:54]} 31. f4 {[%clk 0:30:20]} exf4
{[%clk 0:33:08]} 32. Bxf4 {[%clk 0:30:01]} Bxf4 {[%clk 0:33:04]} 33. Rxf4
{[%clk 0:29:57]} Qe7 {[%clk 0:32:11]} 34. Kd2 {[%clk 0:23:53]} Rb7
{[%clk 0:31:37]} 35. R1f2 {[%clk 0:22:11]} Ne5 {[%clk 0:31:10]} 36. Nc1
{[%clk 0:15:02]} Ng4 {[%clk 0:30:54]} 37. R2f3 {[%clk 0:15:18]} Ne5
{[%clk 0:30:53]} 38. Rf1 {[%clk 0:15:43]} Ng4 {[%clk 0:30:25]} 39. Qh3
{[%clk 0:15:31]} Ka6 {[%clk 0:28:22]} 40. Re1 {[%clk 0:12:31]} Qe5
{[%clk 0:24:46]} 41. Qg3 {[%clk 0:12:31]} Ne3 {[%clk 0:24:15]} 42. Rg1
{[%clk 0:08:44]} Re7 {[%clk 0:21:08]} 43. Rf6 {[%clk 0:07:01]} Kb6
{[%clk 0:14:57]} 44. Qxe5 {[%clk 0:05:27]} Rxe5 {[%clk 0:15:20]} 45. Rg3
{[%clk 0:04:34]} Ng4 {[%clk 0:15:19]} 46. Rf4 {[%clk 0:04:55]} Re7
{[%clk 0:15:40]} 47. Rgf3 {[%clk 0:05:03]} Nh2 {[%clk 0:15:30]} 48. Rf2
{[%clk 0:04:37]} Ng4 {[%clk 0:15:47]} 49. Rf1 {[%clk 0:04:57]} Ne3
{[%clk 0:14:07]} 50. Rg1 {[%clk 0:04:55]} Kc7 {[%clk 0:13:22]} 51. Rg3
{[%clk 0:04:14]} Kd7 {[%clk 0:11:50]} 52. Ke2 {[%clk 0:04:01]} Ng4
{[%clk 0:11:42]} 53. Rg1 {[%clk 0:02:31]} Ne3 {[%clk 0:10:59]} 54. Rg3
{[%clk 0:01:44]} Ng4 {[%clk 0:10:51]} 55. Kd2 {[%clk 0:00:53]} Ne3
{[%clk 0:10:31]} 56. Rf2 {[%clk 0:29:33]} Ng4 {[%clk 0:39:59]} 57. Rff3
{[%clk 0:29:55]} Nh2 {[%clk 0:38:51]} 58. Rf4 {[%clk 0:30:11]} Ng4
{[%clk 0:38:31]} 59. Kc2 {[%clk 0:28:45]} Rb8 {[%clk 0:37:59]} 60. Kb2
{[%clk 0:28:15]} Ke8 {[%clk 0:37:02]} 61. Rf1 {[%clk 0:27:52]} Rb6
{[%clk 0:36:41]} 62. Ka2 {[%clk 0:27:49]} Rb8 {[%clk 0:35:43]} 63. Rgg1
{[%clk 0:26:34]} Rb6 {[%clk 0:35:44]} 64. Ne2 {[%clk 0:26:06]} Reb7
{[%clk 0:35:34]} 65. Rb1 {[%clk 0:26:25]} Ne3 {[%clk 0:35:29]} 66. Rb2
{[%clk 0:25:02]} Ng4 {[%clk 0:34:51]} 67. Ng3 {[%clk 0:25:03]} Ne5
{[%clk 0:34:54]} 68. Rd1 {[%clk 0:25:15]} 1/2-1/2

[Event "MCR H14"]
[Site "?"]
[Date "2021.06.29"]
[Round "9.2"]
[White "Winter, Ondrej"]
[Black "Brozka, Karel"]
[Result "0-1"]
[BlackElo "2080"]
[WhiteElo "1912"]
[LiveChessVersion "1.4.8"]

1. e4 {[%clk 1:30:58]} d5 {[%clk 1:30:40]} 2. exd5 {[%clk 1:31:23]} Nf6
{[%clk 1:30:49]} 3. Nf3 {[%clk 1:31:42]} Nxd5 {[%clk 1:30:53]} 4. d4
{[%clk 1:31:42]} g6 {[%clk 1:31:00]} 5. Be2 {[%clk 1:31:20]} Bg7 {[%clk 1:31:09]}
6. O-O {[%clk 1:31:33]} O-O {[%clk 1:31:07]} 7. h3 {[%clk 1:29:20]} Bf5
{[%clk 1:27:22]} 8. c4 {[%clk 1:19:16]} Nf6 {[%clk 1:19:22]} 9. Nc3
{[%clk 1:08:14]} Ne4 {[%clk 1:14:58]} 10. Be3 {[%clk 0:57:09]} c5
{[%clk 1:08:49]} 11. Nxe4 {[%clk 0:36:14]} Bxe4 {[%clk 1:05:52]} 12. Qd2
{[%clk 0:28:03]} cxd4 {[%clk 0:56:36]} 13. Nxd4 {[%clk 0:27:23]} Nc6
{[%clk 0:56:09]} 14. Nxc6 {[%clk 0:22:17]} Bxc6 {[%clk 0:56:00]} 15. Rad1
{[%clk 0:21:31]} Qc7 {[%clk 0:54:30]} 16. b3 {[%clk 0:17:17]} Rfd8
{[%clk 0:51:59]} 17. Qb4 {[%clk 0:16:22]} Qe5 {[%clk 0:37:13]} 18. Qc5
{[%clk 0:07:17]} Qb2 {[%clk 0:30:28]} 19. Qa5 {[%clk 0:02:03]} b6
{[%clk 0:24:29]} 20. Rxd8+ {[%clk 0:01:54]} Rxd8 {[%clk 0:24:48]} 21. Qxa7
{[%clk 0:01:47]} Qxe2 {[%clk 0:21:51]} 22. Qc7 {[%clk 0:01:39]} Rd1
{[%clk 0:19:16]} 23. Qc8+ {[%clk 0:00:36]} Bf8 {[%clk 0:19:17]} 24. Rxd1
{[%clk 0:00:48]} Qxd1+ {[%clk 0:19:36]} 25. Kh2 {[%clk 0:01:15]} Qd6+
{[%clk 0:19:38]} 26. Kg1 {[%clk 0:00:32]} Qd1+ {[%clk 0:12:52]} 27. Kh2
{[%clk 0:00:57]} Qd7 {[%clk 0:10:15]} 28. Qxd7 {[%clk 0:01:14]} Bxd7
{[%clk 0:10:37]} 29. Bxb6 {[%clk 0:01:43]} e5 {[%clk 0:10:42]} 30. Bc7
{[%clk 0:00:58]} f6 {[%clk 0:10:55]} 31. Ba5 {[%clk 0:00:33]} Kf7
{[%clk 0:10:49]} 32. Bc3 {[%clk 0:30:30]} 0-1

[Event "MCR H14"]
[Site "?"]
[Date "2021.06.29"]
[Round "9.3"]
[White "Prazak, Daniel"]
[Black "Fizer, Marek"]
[Result "1/2-1/2"]
[BlackElo "1828"]
[WhiteElo "1923"]
[LiveChessVersion "1.4.8"]

1. e4 {[%clk 1:30:57]} c5 {[%clk 1:30:56]} 2. Nf3 {[%clk 1:31:06]} e6
{[%clk 1:31:21]} 3. c4 {[%clk 1:31:24]} a6 {[%clk 1:31:14]} 4. Nc3
{[%clk 1:31:17]} Nc6 {[%clk 1:31:11]} 5. Be2 {[%clk 1:29:25]} g6 {[%clk 1:30:21]}
6. d4 {[%clk 1:28:30]} cxd4 {[%clk 1:29:01]} 7. Nxd4 {[%clk 1:28:40]} Bg7
{[%clk 1:28:47]} 8. Be3 {[%clk 1:27:46]} Nge7 {[%clk 1:24:17]} 9. O-O
{[%clk 1:24:03]} d6 {[%clk 1:17:55]} 10. Qd2 {[%clk 1:17:31]} O-O
{[%clk 1:08:38]} 11. Rfd1 {[%clk 1:11:45]} d5 {[%clk 1:02:34]} 12. cxd5
{[%clk 1:10:18]} exd5 {[%clk 1:02:55]} 13. Nxc6 {[%clk 1:08:58]} bxc6
{[%clk 1:03:10]} 14. exd5 {[%clk 1:09:05]} Nxd5 {[%clk 1:03:09]} 15. Bf3
{[%clk 1:07:32]} Be6 {[%clk 1:02:04]} 16. Nxd5 {[%clk 1:05:45]} Bxd5
{[%clk 1:01:50]} 17. Bxd5 {[%clk 1:04:46]} Qxd5 {[%clk 1:02:03]} 18. Qxd5
{[%clk 1:04:50]} cxd5 {[%clk 1:02:30]} 19. Rxd5 {[%clk 1:05:09]} Rab8
{[%clk 1:02:06]} 20. Rb1 {[%clk 1:04:34]} Rxb2 {[%clk 1:00:21]} 21. Rxb2
{[%clk 1:01:49]} Bxb2 {[%clk 1:00:41]} 22. Bd4 {[%clk 1:01:15]} Bxd4
{[%clk 0:57:26]} 23. Rxd4 {[%clk 1:01:09]} Re8 {[%clk 0:57:45]} 24. g3
{[%clk 1:01:15]} Re6 {[%clk 0:57:38]} 25. Kg2 {[%clk 1:01:07]} Kg7
{[%clk 0:57:22]} 26. Kf3 {[%clk 1:01:26]} Re5 {[%clk 0:49:17]} 27. Ra4
{[%clk 0:59:56]} a5 {[%clk 0:48:43]} 28. Re4 {[%clk 0:59:21]} Kf6
{[%clk 0:47:56]} 29. h4 {[%clk 0:58:35]} h5 {[%clk 0:46:58]} 30. Kf4
{[%clk 0:57:31]} Rxe4+ {[%clk 0:30:26]} 31. Kxe4 {[%clk 0:56:25]} Ke6
{[%clk 0:30:41]} 32. f4 {[%clk 0:56:42]} Kf6 {[%clk 0:28:27]} 33. f5
{[%clk 0:54:45]} gxf5+ {[%clk 0:25:07]} 34. Kf4 {[%clk 0:55:10]} Ke6
{[%clk 0:24:19]} 35. Kg5 {[%clk 0:54:47]} Ke5 {[%clk 0:24:32]} 36. Kxh5
{[%clk 0:55:00]} f4 {[%clk 0:24:56]} 37. Kg4 {[%clk 0:53:29]} fxg3
{[%clk 0:24:40]} 38. Kxg3 {[%clk 0:53:56]} Kf5 {[%clk 0:24:36]} 1/2-1/2

[Event "MCR H14"]
[Site "?"]
[Date "2021.06.29"]
[Round "9.4"]
[White "Dolensky, Filip"]
[Black "Paseka, Matyas"]
[Result "0-1"]
[BlackElo "2069"]
[WhiteElo "1841"]
[LiveChessVersion "1.4.8"]

1. e4 {[%clk 1:30:57]} c5 {[%clk 1:30:53]} 2. Nc3 {[%clk 1:31:10]} a6
{[%clk 1:31:15]} 3. f4 {[%clk 1:30:51]} b5 {[%clk 1:31:21]} 4. Nf3
{[%clk 1:30:59]} Bb7 {[%clk 1:31:41]} 5. d3 {[%clk 1:31:21]} e6 {[%clk 1:32:01]}
6. g3 {[%clk 1:31:09]} d5 {[%clk 1:32:17]} 7. Qe2 {[%clk 1:28:07]} Nc6
{[%clk 1:32:28]} 8. Bg2 {[%clk 1:24:56]} Nd4 {[%clk 1:13:58]} 9. Qd1
{[%clk 1:12:32]} Nf6 {[%clk 1:07:14]} 10. e5 {[%clk 1:11:37]} Ng8
{[%clk 1:04:04]} 11. Ne2 {[%clk 1:09:31]} Qb6 {[%clk 1:03:21]} 12. O-O
{[%clk 1:07:34]} Ne7 {[%clk 0:49:44]} 13. c3 {[%clk 1:01:25]} Nxf3+
{[%clk 0:47:01]} 14. Bxf3 {[%clk 1:01:25]} h5 {[%clk 0:46:47]} 15. Qe1
{[%clk 1:00:37]} Nf5 {[%clk 0:44:54]} 16. Qf2 {[%clk 1:00:00]} Be7
{[%clk 0:38:49]} 17. Bd2 {[%clk 0:59:08]} Rc8 {[%clk 0:36:11]} 18. Rac1
{[%clk 0:58:25]} g6 {[%clk 0:27:52]} 19. Rfd1 {[%clk 0:56:26]} Kf8
{[%clk 0:27:18]} 20. h3 {[%clk 0:54:48]} Kg7 {[%clk 0:24:12]} 21. Rc2
{[%clk 0:53:32]} a5 {[%clk 0:19:46]} 22. b3 {[%clk 0:44:12]} Ba6 {[%clk 0:18:34]}
23. Rdc1 {[%clk 0:39:49]} b4 {[%clk 0:15:37]} 24. c4 {[%clk 0:38:15]} dxc4
{[%clk 0:15:55]} 25. dxc4 {[%clk 0:36:41]} Bb7 {[%clk 0:13:46]} 26. Bxb7
{[%clk 0:35:37]} Qxb7 {[%clk 0:14:08]} 27. Qg2 {[%clk 0:35:37]} Qd7
{[%clk 0:13:48]} 28. Qe4 {[%clk 0:33:47]} Rcd8 {[%clk 0:12:57]} 29. Be1
{[%clk 0:26:54]} Qd3 {[%clk 0:11:06]} 30. Qxd3 {[%clk 0:25:42]} Rxd3
{[%clk 0:11:28]} 31. Rd2 {[%clk 0:25:25]} Rxd2 {[%clk 0:10:53]} 32. Bxd2
{[%clk 0:25:26]} Rd8 {[%clk 0:11:18]} 33. Be1 {[%clk 0:21:54]} Rd3
{[%clk 0:11:25]} 34. Rc2 {[%clk 0:18:25]} Rd1 {[%clk 0:10:38]} 35. Rc1
{[%clk 0:15:48]} Rd3 {[%clk 0:09:29]} 36. Rc2 {[%clk 0:15:28]} a4
{[%clk 0:05:33]} 37. Rd2 {[%clk 0:11:50]} Re3 {[%clk 0:02:34]} 38. Bf2
{[%clk 0:10:33]} axb3 {[%clk 0:01:02]} 39. Bxe3 {[%clk 0:08:29]} bxa2
{[%clk 0:01:27]} 40. Rxa2 {[%clk 0:08:09]} Nxe3 {[%clk 0:01:51]} 41. Nc1
{[%clk 0:01:32]} Nxc4 {[%clk 0:01:07]} 42. Kf2 {[%clk 0:27:19]} Nb6
{[%clk 0:29:07]} 43. Ra6 {[%clk 0:23:23]} Nd5 {[%clk 0:28:26]} 44. Rc6
{[%clk 0:22:27]} h4 {[%clk 0:26:11]} 45. Nb3 {[%clk 0:20:49]} hxg3+
{[%clk 0:26:31]} 46. Kxg3 {[%clk 0:20:44]} Nc3 {[%clk 0:24:49]} 47. Kf3
{[%clk 0:19:49]} Na4 {[%clk 0:24:19]} 48. Ke4 {[%clk 0:17:28]} Kf8
{[%clk 0:22:19]} 49. Rc8+ {[%clk 0:17:16]} Kg7 {[%clk 0:22:40]} 50. Rc6
{[%clk 0:17:37]} Kg8 {[%clk 0:21:34]} 51. Kd3 {[%clk 0:15:07]} Bf8
{[%clk 0:21:36]} 52. Ke3 {[%clk 0:14:20]} Kh7 {[%clk 0:20:07]} 53. Rc7
{[%clk 0:12:50]} Nb6 {[%clk 0:19:24]} 54. Rc6 {[%clk 0:09:49]} Nd5+
{[%clk 0:14:04]} 55. Ke4 {[%clk 0:09:56]} Bh6 {[%clk 0:12:53]} 56. Rxc5
{[%clk 0:09:34]} Nxf4 {[%clk 0:11:23]} 57. h4 {[%clk 0:08:44]} Nd5
{[%clk 0:11:27]} 58. Rc8 {[%clk 0:07:33]} Bg7 {[%clk 0:11:21]} 59. Rc2
{[%clk 0:06:55]} Bf8 {[%clk 0:08:49]} 60. Rf2 {[%clk 0:06:00]} Kg7
{[%clk 0:09:08]} 61. Rg2 {[%clk 0:04:46]} Be7 {[%clk 0:09:25]} 62. Rh2
{[%clk 0:04:55]} Bd8 {[%clk 0:06:39]} 63. Nd4 {[%clk 0:04:17]} Nc3+
{[%clk 0:06:41]} 64. Kd3 {[%clk 0:04:16]} Bc7 {[%clk 0:06:43]} 65. Nc6
{[%clk 0:03:54]} Nd5 {[%clk 0:05:45]} 66. Kc4 {[%clk 0:03:02]} Kh6
{[%clk 0:05:01]} 67. Rf2 {[%clk 0:02:49]} Ne3+ {[%clk 0:05:22]} 68. Kd4
{[%clk 0:01:15]} Bb6+ {[%clk 0:05:00]} 69. Ke4 {[%clk 0:01:14]} b3
{[%clk 0:04:55]} 70. Rb2 {[%clk 0:00:41]} Nc4 {[%clk 0:05:13]} 71. Rxb3
{[%clk 0:00:32]} Nd2+ {[%clk 0:05:39]} 0-1

[Event "MCR H14"]
[Site "?"]
[Date "2021.06.29"]
[Round "9.5"]
[White "Janous, Marek"]
[Black "Bezdek, Tomas"]
[Result "1-0"]
[BlackElo "1601"]
[WhiteElo "1951"]
[LiveChessVersion "1.4.8"]

1. e4 {[%clk 1:30:52]} d6 {[%clk 1:30:53]} 2. d4 {[%clk 1:30:30]} Nf6
{[%clk 1:31:17]} 3. Nc3 {[%clk 1:30:54]} Nbd7 {[%clk 1:31:41]} 4. Nf3
{[%clk 1:30:40]} e5 {[%clk 1:32:04]} 5. Bc4 {[%clk 1:31:05]} Be7 {[%clk 1:32:28]}
6. O-O {[%clk 1:31:29]} O-O {[%clk 1:32:47]} 7. Re1 {[%clk 1:31:55]} c6
{[%clk 1:31:33]} 8. a4 {[%clk 1:32:15]} Qc7 {[%clk 1:30:59]} 9. Ba2
{[%clk 1:30:12]} b6 {[%clk 1:30:54]} 10. h3 {[%clk 1:28:15]} a6 {[%clk 1:28:39]}
11. Be3 {[%clk 1:27:40]} Bb7 {[%clk 1:25:57]} 12. Nh4 {[%clk 1:11:50]} Rfe8
{[%clk 1:22:37]} 13. Nf5 {[%clk 1:09:51]} Bf8 {[%clk 1:22:32]} 14. Qf3
{[%clk 0:54:34]} exd4 {[%clk 1:12:37]} 15. Bxd4 {[%clk 0:54:05]} g6
{[%clk 1:10:03]} 16. Ne3 {[%clk 0:45:54]} Bg7 {[%clk 1:05:36]} 17. Ng4
{[%clk 0:46:18]} Qd8 {[%clk 1:05:09]} 18. Qf4 {[%clk 0:34:23]} h5
{[%clk 0:51:44]} 19. Nh6+ {[%clk 0:30:05]} Bxh6 {[%clk 0:49:03]} 20. Qxh6
{[%clk 0:30:33]} Nf8 {[%clk 0:47:32]} 21. Re3 {[%clk 0:27:04]} Ne6
{[%clk 0:44:52]} 22. Rg3 {[%clk 0:26:09]} Qe7 {[%clk 0:42:05]} 23. Rf3
{[%clk 0:16:24]} Nxd4 {[%clk 0:37:09]} 24. Qxg6+ {[%clk 0:16:35]} Kh8
{[%clk 0:37:01]} 25. Qh6+ {[%clk 0:16:47]} 1-0

[Event "MCR H14"]
[Site "?"]
[Date "2021.06.29"]
[Round "9.6"]
[White "Vilimek, Vit"]
[Black "Buchta, Bartolomej"]
[Result "1-0"]
[BlackElo "1667"]
[WhiteElo "1895"]
[LiveChessVersion "1.4.8"]

1. e4 {[%clk 1:30:59]} c5 {[%clk 1:30:52]} 2. b4 {[%clk 1:31:28]} cxb4
{[%clk 1:30:17]} 3. a3 {[%clk 1:31:57]} bxa3 {[%clk 1:27:45]} 4. Bxa3
{[%clk 1:30:52]} d6 {[%clk 1:26:04]} 5. d4 {[%clk 1:31:14]} g6 {[%clk 1:24:07]}
6. c3 {[%clk 1:31:38]} Bg7 {[%clk 1:22:58]} 7. f4 {[%clk 1:29:17]} f6
{[%clk 1:13:21]} 8. Bc4 {[%clk 1:27:45]} Nc6 {[%clk 1:02:49]} 9. Nf3
{[%clk 1:23:57]} Qc7 {[%clk 0:55:57]} 10. O-O {[%clk 1:23:29]} Nh6
{[%clk 0:52:52]} 11. Ba2 {[%clk 1:17:50]} Nf7 {[%clk 0:41:29]} 12. Bxf7+
{[%clk 1:04:41]} Kxf7 {[%clk 0:41:57]} 13. Qb3+ {[%clk 1:05:10]} e6
{[%clk 0:39:59]} 14. e5 {[%clk 1:01:46]} d5 {[%clk 0:37:46]} 15. exf6
{[%clk 0:56:18]} Bxf6 {[%clk 0:37:26]} 16. Ne5+ {[%clk 0:53:40]} Kg7
{[%clk 0:36:11]} 17. Nd2 {[%clk 0:51:59]} b6 {[%clk 0:29:43]} 18. Ndf3
{[%clk 0:47:00]} Ba6 {[%clk 0:22:12]} 19. Rf2 {[%clk 0:39:42]} Na5
{[%clk 0:20:59]} 20. Qa4 {[%clk 0:23:10]} Bc4 {[%clk 0:14:44]} 21. Rb2
{[%clk 0:12:38]} Be7 {[%clk 0:12:09]} 22. Ng5 {[%clk 0:08:41]} Bxg5
{[%clk 0:12:03]} 23. fxg5 {[%clk 0:09:09]} b5 {[%clk 0:06:10]} 24. Qd1
{[%clk 0:06:13]} Nc6 {[%clk 0:05:58]} 25. Qf3 {[%clk 0:03:42]} Nxe5
{[%clk 0:03:47]} 26. Qf6+ {[%clk 0:04:10]} Kg8 {[%clk 0:04:04]} 27. dxe5
{[%clk 0:03:07]} Qf7 {[%clk 0:03:40]} 28. Be7 {[%clk 0:01:29]} h5
{[%clk 0:03:00]} 29. Rf2 {[%clk 0:01:06]} Rh7 {[%clk 0:02:53]} 30. Bb4
{[%clk 0:00:53]} Bd3 {[%clk 0:01:36]} 31. Ra6 {[%clk 0:00:42]} Bf5
{[%clk 0:01:36]} 32. Rfa2 {[%clk 0:00:50]} Qxf6 {[%clk 0:01:21]} 33. gxf6
{[%clk 0:01:03]} Rc7 {[%clk 0:00:57]} 34. Bd6 {[%clk 0:00:55]} Rxc3
{[%clk 0:00:45]} 35. Rxa7 {[%clk 0:00:46]} Rc1+ {[%clk 0:01:09]} 36. Kf2
{[%clk 0:01:11]} Rxa7 {[%clk 0:00:57]} 37. Rxa7 {[%clk 0:01:39]} Rc2+
{[%clk 0:01:23]} 38. Kg3 {[%clk 0:01:32]} Rc8 {[%clk 0:00:38]} 39. f7+
{[%clk 0:01:41]} 1-0

[Event "MCR H14"]
[Site "?"]
[Date "2021.06.29"]
[Round "9.7"]
[White "Pressler, Tobias"]
[Black "Soucek, Jan"]
[Result "1-0"]
[BlackElo "1916"]
[WhiteElo "1599"]
[LiveChessVersion "1.4.8"]

1. f4 {[%clk 1:30:45]} d5 {[%clk 1:30:29]} 2. Nf3 {[%clk 1:31:05]} g6
{[%clk 1:30:36]} 3. e3 {[%clk 1:31:06]} Bg7 {[%clk 1:30:51]} 4. Be2
{[%clk 1:31:10]} c5 {[%clk 1:30:23]} 5. O-O {[%clk 1:31:30]} Nh6 {[%clk 1:30:01]}
6. Nc3 {[%clk 1:29:44]} O-O {[%clk 1:27:37]} 7. d4 {[%clk 1:28:23]} e6
{[%clk 1:11:43]} 8. Ne5 {[%clk 1:19:23]} f6 {[%clk 0:59:47]} 9. Nf3
{[%clk 1:10:45]} b6 {[%clk 0:44:12]} 10. h3 {[%clk 1:07:14]} Nc6 {[%clk 0:36:26]}
11. b3 {[%clk 1:01:43]} Re8 {[%clk 0:32:34]} 12. Bb2 {[%clk 1:01:28]} a6
{[%clk 0:27:26]} 13. Qd2 {[%clk 0:54:19]} Bb7 {[%clk 0:18:27]} 14. Rad1
{[%clk 0:50:09]} Qc7 {[%clk 0:17:15]} 15. dxc5 {[%clk 0:48:15]} bxc5
{[%clk 0:17:12]} 16. Na4 {[%clk 0:48:29]} Na7 {[%clk 0:16:15]} 17. Ba3
{[%clk 0:47:50]} Bf8 {[%clk 0:16:27]} 18. c4 {[%clk 0:46:19]} Nf5
{[%clk 0:13:55]} 19. Kf2 {[%clk 0:44:19]} Rad8 {[%clk 0:10:14]} 20. Bb2
{[%clk 0:41:32]} d4 {[%clk 0:02:11]} 21. exd4 {[%clk 0:40:21]} Bxf3
{[%clk 0:01:37]} 22. Bxf3 {[%clk 0:35:53]} cxd4 {[%clk 0:01:58]} 23. Rfe1
{[%clk 0:33:56]} Ne3 {[%clk 0:01:17]} 24. Rc1 {[%clk 0:34:15]} Qxf4
{[%clk 0:00:41]} 25. Bxd4 {[%clk 0:28:21]} Ng4+ {[%clk 0:00:36]} 26. Ke2
{[%clk 0:28:44]} Qc7 {[%clk 0:00:31]} 27. hxg4 {[%clk 0:28:43]} e5
{[%clk 0:00:32]} 28. Bd5+ {[%clk 0:29:07]} Rxd5 {[%clk 0:00:42]} 29. cxd5
{[%clk 0:29:25]} exd4+ {[%clk 0:01:02]} 30. Kf2 {[%clk 0:29:13]} Qd7
{[%clk 0:01:02]} 31. Rxe8 {[%clk 0:29:13]} Qxe8 {[%clk 0:01:31]} 32. Qxd4
{[%clk 0:29:30]} Qf7 {[%clk 0:01:35]} 33. Qe4 {[%clk 0:28:39]} f5
{[%clk 0:01:24]} 34. gxf5 {[%clk 0:28:48]} gxf5 {[%clk 0:01:47]} 35. Qe5
{[%clk 0:28:42]} Nb5 {[%clk 0:01:42]} 36. Qe6 {[%clk 0:28:42]} Qxe6
{[%clk 0:02:03]} 37. dxe6 {[%clk 0:29:08]} Nd4 {[%clk 0:02:30]} 38. Ke3
{[%clk 0:29:02]} Bh6+ {[%clk 0:02:33]} 39. Kxd4 {[%clk 0:29:28]} Bxc1
{[%clk 0:02:59]} 40. Nc5 {[%clk 0:29:36]} a5 {[%clk 0:03:19]} 41. Kd5
{[%clk 0:30:00]} Kf8 {[%clk 0:03:25]} 42. Nb7 {[%clk 0:29:17]} Bd2
{[%clk 0:03:30]} 43. Ke5 {[%clk 0:29:19]} f4 {[%clk 0:03:54]} 44. Nd6
{[%clk 0:29:08]} Ke7 {[%clk 0:03:52]} 45. Nf5+ {[%clk 0:29:25]} Ke8
{[%clk 0:04:01]} 46. Nh4 {[%clk 0:28:28]} Ke7 {[%clk 0:03:44]} 47. Nf3
{[%clk 0:28:54]} Bc1 {[%clk 0:04:00]} 48. Ne1 {[%clk 0:29:04]} Bd2
{[%clk 0:03:14]} 49. Nd3 {[%clk 0:29:29]} Be3 {[%clk 0:03:33]} 50. b4
{[%clk 0:28:55]} a4 {[%clk 0:03:22]} 51. Nxf4 {[%clk 0:29:15]} Bd2
{[%clk 0:02:48]} 52. Nd5+ {[%clk 0:29:35]} Ke8 {[%clk 0:03:01]} 53. Kd6
{[%clk 0:30:01]} Bg5 {[%clk 0:03:15]} 54. e7 {[%clk 0:30:22]} 1-0

[Event "MCR H14"]
[Site "?"]
[Date "2021.06.29"]
[Round "9.8"]
[White "Mohapl, Tomas"]
[Black "Werner, Hong Quan Dan"]
[Result "1/2-1/2"]
[BlackElo "1796"]
[WhiteElo "1634"]
[LiveChessVersion "1.4.8"]

1. e4 {[%clk 1:30:56]} c5 {[%clk 1:30:39]} 2. Nf3 {[%clk 1:31:09]} Nc6
{[%clk 1:30:56]} 3. d4 {[%clk 1:30:46]} cxd4 {[%clk 1:31:07]} 4. Nxd4
{[%clk 1:31:09]} Nf6 {[%clk 1:31:31]} 5. Nc3 {[%clk 1:31:12]} e5 {[%clk 1:31:22]}
6. Ndb5 {[%clk 1:31:06]} d6 {[%clk 1:31:31]} 7. Nd5 {[%clk 1:30:30]} Nxd5
{[%clk 1:31:29]} 8. exd5 {[%clk 1:30:48]} Nb8 {[%clk 1:31:44]} 9. Qf3
{[%clk 1:30:07]} Be7 {[%clk 1:29:52]} 10. Qc3 {[%clk 1:28:40]} Na6
{[%clk 1:29:26]} 11. Be3 {[%clk 1:26:22]} O-O {[%clk 1:24:29]} 12. Nxa7
{[%clk 1:19:57]} Bg4 {[%clk 1:19:23]} 13. Bxa6 {[%clk 1:13:14]} bxa6
{[%clk 1:19:23]} 14. Nc6 {[%clk 1:11:25]} Qd7 {[%clk 1:18:43]} 15. O-O
{[%clk 1:09:44]} Rac8 {[%clk 1:12:14]} 16. Qc4 {[%clk 0:59:21]} f5
{[%clk 1:11:28]} 17. f4 {[%clk 0:58:04]} exf4 {[%clk 1:11:11]} 18. Bxf4
{[%clk 0:55:38]} g5 {[%clk 1:08:48]} 19. Bd2 {[%clk 0:49:31]} f4 {[%clk 1:05:48]}
20. Rae1 {[%clk 0:44:09]} Rf7 {[%clk 1:04:03]} 21. Bc3 {[%clk 0:38:14]} Bf8
{[%clk 1:02:29]} 22. Qe4 {[%clk 0:30:55]} Bf5 {[%clk 0:53:25]} 23. Qe2
{[%clk 0:28:14]} Rxc6 {[%clk 0:51:54]} 24. dxc6 {[%clk 0:28:16]} Qxc6
{[%clk 0:52:15]} 25. Qf3 {[%clk 0:21:39]} d5 {[%clk 0:47:56]} 26. Re5
{[%clk 0:18:44]} Bc5+ {[%clk 0:42:47]} 27. Kh1 {[%clk 0:16:10]} Be4
{[%clk 0:42:04]} 28. Rxg5+ {[%clk 0:15:59]} Kf8 {[%clk 0:42:28]} 29. Qg4
{[%clk 0:13:25]} d4 {[%clk 0:39:32]} 30. Rg8+ {[%clk 0:12:16]} Ke7
{[%clk 0:39:58]} 31. Bd2 {[%clk 0:09:03]} f3 {[%clk 0:38:34]} 32. Bg5+
{[%clk 0:07:55]} Kd6 {[%clk 0:38:52]} 33. Rd8+ {[%clk 0:07:10]} Kc7
{[%clk 0:39:08]} 34. Qc8+ {[%clk 0:04:43]} Kb6 {[%clk 0:39:05]} 35. Qxc6+
{[%clk 0:04:02]} Bxc6 {[%clk 0:39:05]} 36. Rxf3 {[%clk 0:03:24]} Bxf3
{[%clk 0:38:54]} 37. gxf3 {[%clk 0:03:40]} Rxf3 {[%clk 0:38:35]} 38. Kg2
{[%clk 0:03:25]} Rf7 {[%clk 0:38:39]} 39. Bh4 {[%clk 0:01:48]} Kb5
{[%clk 0:37:18]} 40. Re8 {[%clk 0:01:19]} a5 {[%clk 0:37:21]} 41. Re6
{[%clk 0:26:59]} a4 {[%clk 1:07:11]} 42. a3 {[%clk 0:25:38]} Kc4 {[%clk 1:06:36]}
43. Ra6 {[%clk 0:25:15]} Ra7 {[%clk 1:02:27]} 44. Rxa7 {[%clk 0:18:33]} Bxa7
{[%clk 1:02:28]} 45. Bf2 {[%clk 0:18:32]} Bb8 {[%clk 1:01:20]} 46. Bxd4
{[%clk 0:12:25]} Kxd4 {[%clk 1:00:41]} 1/2-1/2